شفق سو پو ر ی : حيا ت ا و ر کا ر نا مے (Record no. 181093)

MARC details
000 -LEADER
fixed length control field 00706nam a22001937a 4500
005 - DATE AND TIME OF LATEST TRANSACTION
control field 20210831123610.0
010 ## - LCCN (DPL NO)
LC control number UR-11216
020 ## - INTERNATIONAL STANDARD BOOK NUMBER
Terms of availability 500.00
International Standard Book Number 9789390789108
035 ## - SYSTEM CONTROL NUMBER
System control number U-9771
037 ## - SOURCE OF ACQUISITION
Source of stock number/acquisition DBAD/PUB
082 ## - DEWEY DECIMAL CLASSIFICATION NUMBER
Classification number 808.88
100 ## - MAIN ENTRY--PERSONAL NAME
Personal name منظو ر حسين کما ر
245 ## - TITLE STATEMENT
Title شفق سو پو ر ی : حيا ت ا و ر کا ر نا مے
Statement of responsibility, etc منظو ر حسين کما ر
246 ## - VARYING FORM OF TITLE
Title proper/short title Shafaq So Puri Hyat Aur Karname (Urdu)
Remainder of title by Manzoor Hussain Kumar
260 ## - PUBLICATION, DISTRIBUTION, ETC. (IMPRINT)
Place of publication, distribution, etc Delhi
Date of publication, distribution, etc 2021 ء
Name of publisher, distributor, etc Educational Publishing House
270 ## - ADDRESS
Address 3191,Vakil Street, Kucha Pandit Lal Kuan,
City Delhi
Postal code 110006
Fax number 23216162
300 ## - PHYSICAL DESCRIPTION
Extent 238 ص
Dimensions 22 Cm(Hb)
942 ## - ADDED ENTRY ELEMENTS (KOHA)
Source of classification or shelving scheme Dewey Decimal Classification
Item type Urdu Bks
Classification part 808.88
Call number suffix م ن ظ
Holdings
Withdrawn status Lost status Not for loan Collection code Home library Current library Date acquired Source of acquisition Cost, normal purchase price Full call number Barcode Copy number Cost, replacement price Koha item type
      Non-fiction Central Library Central Library 31/08/2021 DBAD/PUB 500.00 808.88 م ن ظ U-9771 1 500.00 Urdu Bks

© Delhi Public Library
Hit Counter
free hit counter